000 00731nam a2200265 a 4500
001 vtls001543312
003 NLI
005 20210627150715.0
008 121212s1904 enk 000 e eng
039 9 _y201212121733
_zVLOAD
040 0 _aNLI
_beng
_cXData_1
_eAACR2
041 0 _aeng
044 _aenk
082 _a156
100 1 _aHume, David,
_d1711-1776
_9709989
245 1 0 _aEssays moral, political and literary /
_cby David Hume
260 _aLondon :
_bGrant Richards,
_c1904
300 _a616 p. ;
_c23 cm.
650 0 _aEnglish essays
_9682560
887 _a
901 _aIMP108368
_b20.11.2010
902 _a156 E 1367
949 _AVIRTUAITEM
_D10000
_X100
_6IMP000108368ENG
942 _2ddc
_cBKS
999 _aVIRTUA40
_c991973
_d991973